| 000 | 01332nam0a22002771 4500 | ||
|---|---|---|---|
| 001 | rc\4779764 | ||
| 005 | 20260407124026.0 | ||
| 021 |
_aRU _b[59-67399] |
||
| 035 | _a(NLR Aleph) 009028317 | ||
| 090 |
_a9472605 _c9472605 |
||
| 100 | _a20130417d1959 |||y0rusy50 ca | ||
| 101 | 0 | _arus | |
| 102 | _aRU | ||
| 105 | _ay z ||||| | ||
| 200 | 1 |
_aВ борьбе за власть Советов _eК 40-летию освобождения Омска от колчаковщины и иностр. интервенции _eРекоменд. список литературы _fОмское обл. упр. культуры. Обл. б-ка им. А.С. Пушкина. Справочно-библиогр. отд. |
|
| 210 |
_aОмск _cБ. и. _d1959 |
||
| 215 |
_a20 с. _d20 |
||
| 300 | _aСост. указан в конце текста | ||
| 606 |
_aИностранная военная интервенция и гражданская война в СССР 1918-1920 гг. _yОмск _jБиблиография _2psbo |
||
| 700 | 1 |
_aНовикова _bТ.П. _4220 |
|
| 712 | 0 | 2 |
_aОмская областная научная библиотека им. А. С. Пушкина _3RU\NLR\AUTH\889964498 _9425230 |
| 801 | 0 |
_aRU _bNLR _gpsbo |
|
| 801 | 1 |
_aRU _bELAR _2rusmarc |
|
| 852 |
_aNLR _jС409-12/Н-73 |
||
| 942 | _cBOOK | ||
| 980 | _aNB | ||